[Event "CZE-ch Juniors op-A"]
[Site "Sec u Chrudimi"]
[Date "2007.03.14"]
[Round "6"]
[White "Hlavacek, Pavel"]
[Black "Muller, Petr"]
[Result "1-0"]
[WhiteElo "1766"]
[BlackElo "2000"]
[PlyCount "57"]
[EventDate "2007.03.10"]
[EventType "swiss"]
[EventRounds "9"]
[EventCountry "CZE"]
[SourceTitle "EXT 2008"]
[Source "ChessBase"]
[SourceDate "2007.11.25"]
[SourceVersion "1"]
[SourceVersionDate "2007.11.25"]
[SourceQuality "1"]

1. e4 c5 2. c4 Nc6 3. Nc3 g6 4. f4 d6 5. Nf3 Bg7 6. Be2 Bg4 7. d3 e6 8. Be3 Bxf3 9. Bxf3 Nge7 10. Qd2 0-0 11. h4 Nd4 12. h5 Nxf3+ 13. gxf3 f5 14. 0-0-0 a6 15. Qh2 Kf7 16. d4 Qa5 17. e5 b5 18. exd6 Nc6 19. Qd2 cxd4 20. Bxd4 Nxd4 21. hxg6+ hxg6 22. Rh7 Kg8 23. Rxg7+ Kxg7 24. Qxd4+ Kf7 25. Qe5 Rfe8 26. Rh1 Rh8 27. Rxh8 Rxh8 28. Qxh8 b4 29. d7 1-0

[Event "CZE-ch Juniors op-A"]
[Site "Sec u Chrudimi"]
[Date "2007.03.12"]
[Round "4"]
[White "Hlavacek, Pavel"]
[Black "Hlavac, Rudolf"]
[Result "0-1"]
[WhiteElo "1766"]
[BlackElo "2082"]
[PlyCount "100"]
[EventDate "2007.03.10"]
[EventType "swiss"]
[EventRounds "9"]
[EventCountry "CZE"]
[SourceTitle "EXT 2008"]
[Source "ChessBase"]
[SourceDate "2007.11.25"]
[SourceVersion "1"]
[SourceVersionDate "2007.11.25"]
[SourceQuality "1"]

1. e4 c5 2. Nf3 Nc6 3. Bc4 e6 4. Nc3 Nge7 5. e5 d6 6. exd6 Nf5 7. d3 Nxd6 8. Bb3 Be7 9. Qe2 0-0 10. Ne4 Nxe4 11. dxe4 b6 12. c3 Qc7 13. 0-0 Bb7 14. Bc2 Rfd8 15. e5 Rd7 16. Re1 Na5 17. Ng5 g6 18. Nxh7 Qc6 19. Qg4 Qxg2+ 20. Qxg2 Bxg2 21. Nf6+ Bxf6 22. Kxg2 Be7 23. Rd1 Rxd1 24. Bxd1 Nc4 25. f4 Rd8 26. Be2 Nxb2 27. Kf3 Nd3 28. Be3 c4 29. a4 Rd5 30. a5 Rxa5 31. Rxa5 bxa5 32. Bxd3 cxd3 33. Ke4 Bc5 34. Bd2 a4 35. Kxd3 a3 36. Kc2 Kf8 37. Kb3 Ke7 38. Bc1 Kd7 39. c4 Kc6 40. h3 a6 41. Ka4 a2 42. Bb2 Be3 43. Kb4 Bxf4 44. Bd4 Be3 45. Bb2 Bd2+ 46. Kb3 Kc5 47. Ba3+ Kd4 48. Bb2+ Ke4 49. Kxa2 Bf4 50. Kb3 Bxe5 0-1

[Event "CZE-ch Juniors op-A"]
[Site "Sec u Chrudimi"]
[Date "2007.03.10"]
[Round "1"]
[White "Havlik, Jindrich"]
[Black "Hlavacek, Pavel"]
[Result "1-0"]
[WhiteElo "2029"]
[BlackElo "1766"]
[PlyCount "99"]
[EventDate "2007.03.10"]
[EventType "swiss"]
[EventRounds "9"]
[EventCountry "CZE"]
[SourceTitle "EXT 2008"]
[Source "ChessBase"]
[SourceDate "2007.11.25"]
[SourceVersion "1"]
[SourceVersionDate "2007.11.25"]
[SourceQuality "1"]

1. e4 e5 2. Nc3 Nc6 3. g3 Bc5 4. Bg2 d6 5. Na4 Be6 6. Ne2 Qd7 7. Nxc5 dxc5 8. h3 Nge7 9. b3 0-0-0 10. Ba3 b6 11. d3 g5 12. Qd2 f6 13. Bb2 h5 14. 0-0-0 h4 15. g4 Nd4 16. Kb1 Nxe2 17. Qxe2 Ng6 18. Qe3 Nf4 19. Bf1 Kb7 20. f3 Qc8 21. Rh2 Rd6 22. Rhd2 Rhd8 23. c3 R8d7 24. d4 cxd4 25. cxd4 Qd8 26. d5 c5 27. Bb5 Nxh3 28. Bxd7 Bxd7 29. Ba3 Bb5 30. b4 c4 31. Bb2 Nf4 32. Qc3 Qc7 33. Qc2 Bd7 34. a4 a6 35. b5 Be8 36. Ba3 Rd7 37. bxa6+ Kxa6 38. Rc1 h3 39. Qxc4+ Qxc4 40. Rxc4 Rb7 41. d6 Ng2 42. Rc7 Bd7 43. Rxb7 Kxb7 44. Rd1 Bxa4 45. d7 Bxd7 46. Rxd7+ Kc6 47. Rd1 Nh4 48. Rf1 h2 49. Rh1 Nxf3 50. Kc2 1-0